000 03414nam a22002057a 4500
003 NALT
005 20260209133731.0
008 s2558 th o tha d
040 _aNALT
086 _aสผ - 10.5 320.1 2558
110 2 _aสำนักงานเลขาธิการสภาผู้แทนราษฎร ปฏิบัติหน้าที่สำนักงานเลขาธิการสภาปฏิรูปแห่งชาติ
_91766
245 1 0 _aวาระการปฏิรูปที่สำคัญและแนวทางการบริหารจัดการของ สปช. /
_cสำนักงานเลขาธิการสภาผู้แทนราษฎร ปฏิบัติหน้าที่สำนักงานเลขาธิการสภาปฏิรูปแห่งชาติ.
260 _aกรุงเทพฯ :
_bสำนักงานเลขาธิการสภาผู้แทนราษฎร ปฏิบัติหน้าที่สำนักงานเลขาธิการสภาปฏิรูปแห่งชาติ,
_c2558.
300 _a46 หน้า :
_bภาพประกอบ, ตาราง ;
_c30 ซม.
505 0 _aประเทศไทยในภูมิทัศน์ใหม่ของโลก -- Roadmap การขับเคลื่อนประเทศไทย -- ความสอดรับระหว่างวาระการปฏิรูปและการพัฒนาของสภาปฏิรูปแห่งชาติ (สปช.) กับ ๙ ยุทธศาสตร์ของคณะรักษาความสงบแห่งชาติ (คสช.) -- วาระการปฏิรูปและการพัฒนาของสภาปฏิรูปแห่งชาติ (สปช.) ที่นอกเหนือจากยุทธศาสตร์ของคณะรักษาความสงบแห่งชาติ (คสช.) -- วาระการปฏิรูปและการพัฒนา -- แนบท้าย -- รายละเอียดของวาระการปฏิรูปและการพัฒนา -- ตารางการกำกับวาระการปฏิรูป ๓b วาระของสภาปฏิรูปแห่งชาติ (สปช.) -- ตัวอย่างแผนปฏิบัติการขับเคลื่อนวาระการปฏิรูป -- การตอบโจทย์ของรัฐธรรมนูญมาตรา ๒๗ วรรคสอง -- ประเด็นวาระการปฏิรูปของสภาปฏิรูปแห่งชาติที่สอดรับกับข้อเสนอการปฏิรูปประเทศไทยที่ประมวลผลโดยสำนักงานคณะกรรมการพัฒนาการเศรษฐกิจและสังคมแห่งชาติ.
610 2 4 _aสภาปฏิรูปแห่งชาติ
_xแผนกลยุทธ์
_925697
850 _aNALT
856 4 0 _uhttps://hdl.handle.net/20.500.14156/414423
942 _cPAR
_2local
999 _c74669
_d74669
998 _j104
_k นางสาวสายฝน ดีงาม